[Event "Togliatti AVTOVAZ CCC"]
[Site "Togliatti"]
[Date "2008.09.05"]
[Round "11"]
[White "Bondar, Vladimir A"]
[Black "Filatov, Vladimir"]
[Result "0-1"]
[WhiteElo "2205"]
[BlackElo "2210"]
[PlyCount "88"]
[EventDate "2008.09.05"]
[EventType "tourn"]
[EventRounds "11"]
[EventCountry "RUS"]
[SourceTitle "EXT 2022"]
[Source "ChessBase"]
[SourceDate "2021.10.06"]
[SourceVersion "1"]
[SourceVersionDate "2021.10.06"]
[SourceQuality "1"]

1. d4 d5 2. c4 e6 3. Nc3 Bb4 4. Nf3 Nf6 5. Bg5 Nbd7 6. e3 0-0 7. Qb3 Be7 8. cxd5 Nxd5 9. Nxd5 Bxg5 10. Nc3 Be7 11. Be2 b6 12. 0-0 Bb7 13. Rfd1 Nf6 14. Ne5 Qb8 15. Bc4 Kh8 16. Rac1 c6 17. h3 Bd6 18. f4 Nd5 19. Ne4 Bxe5 20. fxe5 Qd8 21. Nd6 Rb8 22. e4 Nc7 23. Rf1 Qe7 24. Qa3 a5 25. Be2 Ba8 26. Rf4 Rbd8 27. Rcf1 f6 28. exf6 gxf6 29. e5 Nd5 30. R4f2 f5 31. Bc4 Nc7 32. g4 Qg7 33. Kh2 c5 34. gxf5 Rg8 35. h4 Rdf8 36. f6 Qg4 37. dxc5 bxc5 38. Be2 Qd4 39. Qc3 Qxh4+ 40. Qh3 Qg5 41. Nc4 Rg6 42. Bf3 Rh6 43. Bxa8 Rxh3+ 44. Kxh3 Rg8 0-1

[Event "Togliatti"]
[Site "Togliatti"]
[Date "2008.05.29"]
[Round "1"]
[White "Magrifin, Iljanur"]
[Black "Bondar, Vladimir A"]
[Result "0-1"]
[WhiteElo "2167"]
[BlackElo "2207"]
[PlyCount "84"]
[EventDate "2008.05.29"]
[EventType "tourn"]
[EventRounds "11"]
[EventCountry "RUS"]
[EventCategory "1"]
[SourceTitle "CBM 124 Extra"]
[Source "ChessBase"]
[SourceDate "2008.07.03"]
[SourceVersion "1"]
[SourceVersionDate "2008.07.03"]
[SourceQuality "1"]

1. d4 Nf6 2. Nf3 g6 3. c4 Bg7 4. Nc3 0-0 5. Bg5 c5 6. e3 d6 7. Be2 Nc6 8. d5 Nb8 9. 0-0 Bg4 10. h3 Bxf3 11. Bxf3 Nbd7 12. Be2 a6 13. Rb1 Qa5 14. a3 Rab8 15. b4 cxb4 16. axb4 Qc7 17. Qb3 Rfc8 18. Bf4 Ne8 19. Rbc1 Ne5 20. Ne4 h6 21. Rc2 b6 22. Rfc1 a5 23. bxa5 bxa5 24. Qa3 Rb4 25. Nd2 Qb6 26. Ra2 a4 27. Rac2 Nd7 28. Qa2 Rb8 29. Nf3 Nc5 30. Bf1 Nf6 31. Nd4 Nb3 32. Rd1 Nh5 33. Nc6 Nxf4 34. Nxb8 Nxh3+ 35. gxh3 Qxb8 36. Rb1 Nc5 37. Rxb4 Qxb4 38. Be2 a3 39. Kg2 Bb2 40. Bd1 Qb3 41. Rxb2 Qxb2 42. Qxb2 axb2 0-1